Synthesis and characterization of gold nanoparticles combined with curcumin and its effects on experimentally induced osteoarthritis (Registro n. 329730)
[ somente texto ]
| 000 -LÍDER | |
|---|---|
| fixed length control field | 05016nab a2200397 i 4500 |
| 003 - CÓDIGO MARC DA AGÊNCIA CATALOGADORA | |
| Campo de controle | BR-BrBNA |
| 005 - DATA E HORA DA ÚLTIMA ATUALIZAÇÃO | |
| Campo de controle | 20250129184248.0 |
| 008 - CAMPO DE TAMANHO FIXO | |
| fixed length control field | 250129b2017 bl.mr|pooa||| 00| 0 eng | |
| 040 ## - FONTE DA CATALOGAÇÃO | |
| Agência catalogadora | BR-BrBNA |
| Idioma da catalogação | eng |
| 072 ## - CATEGORIA AGRIS | |
| Código AGRIS | L70 |
| Código do objeto | 4076 |
| 072 ## - CATEGORIA AGRIS | |
| Código AGRIS | L74 |
| 072 ## - CATEGORIA AGRIS | |
| Código AGRIS | L73 |
| 100 ## - ENTRADA PRINCIPAL - NOME PESSOAL | |
| Nome pessoal | Campos, Wilma Neres da Silva |
| 100 ## - ENTRADA PRINCIPAL - NOME PESSOAL | |
| Nome pessoal | Leite, Ana Elisa Tognoli |
| 100 ## - ENTRADA PRINCIPAL - NOME PESSOAL | |
| Nome pessoal | Sonego, Dábila Araújo |
| 100 ## - ENTRADA PRINCIPAL - NOME PESSOAL | |
| Nome pessoal | Andrade, Mateus Annicchino de |
| 100 ## - ENTRADA PRINCIPAL - NOME PESSOAL | |
| Nome pessoal | Pizzinatto, Fábio Dumit |
| 100 ## - ENTRADA PRINCIPAL - NOME PESSOAL | |
| Nome pessoal | Marangoni, Valéria Spolon |
| 100 ## - ENTRADA PRINCIPAL - NOME PESSOAL | |
| Nome pessoal | Zucolotto, Valtencir |
| 100 ## - ENTRADA PRINCIPAL - NOME PESSOAL | |
| Nome pessoal | Nakazato, Luciano |
| 100 ## - ENTRADA PRINCIPAL - NOME PESSOAL | |
| Nome pessoal | Colodel, Edson Moleta |
| 100 ## - ENTRADA PRINCIPAL - NOME PESSOAL | |
| Nome pessoal | Souza, Roberto Lopes de |
| 245 ## - TÍTULO PRINCIPAL | |
| Título principal | Synthesis and characterization of gold nanoparticles combined with curcumin and its effects on experimentally induced osteoarthritis |
| 500 ## - NOTA GERAL | |
| Nota geral | Publicação on-line; 18 ref.; 3 illus; Sumaries (En, Pt) |
| 942 ## - ADDED ENTRY ELEMENTS (KOHA) | |
| Koha item type | Analítica |
| 520 ## - NOTA DE RESUMO | |
| Nota de conteúdo | <br/><br/>ABSTRACT - Osteoarthritis (OA) is the clinical term for a combination of pathological conditions that involve the progressive degeneration of articular cartilage and subchondral bone remodelling. Curcumin, a potent anti-inflammatory agent, has been extensively studied; however, it does not provide good systemic bioavailability. Gold nanoparticles (AuNPs) have potential applications in the administration of therapeutic substances in order to increase the transport efficiency of drugs. The objectives of this study were to explore the synthesis and characterization of a system combining AuNPs with curcumin and evaluate its therapeutic potential in an experimental model of OA in mice by the destabilization of the medial meniscus (DMM). The AuNPs were conjugated with curcumin and the systems were characterized by UV-VIS spectroscopy, dynamic light scattering (DLS), and zeta potential. Four groups of eight animals each were formed and labelled A, B, C, and D, which received intra-articular injections of AuNPs, curcumin, AuNP-curcumin, and physiologic solution, respectively. After seven weeks, the cartilage of the stifle joint (SJ) was rated on a scale ranging from 0 to 24. Combination of AuNP-curcumin demonstrated good stability and therapeutic applications, but it did not differ significantly (P>0.05) from groups A and B. However, the control group had a significantly lower score (P<0.001). Results of this study demonstrated the importance of developing new nanodrugs. In this case, the combination of AuNPs and curcumin yielded the nanodrug effects suggestive of a potential for application in the treatment of OA.<br/><br/>Key words: curcumin, mice, nanodrugs, nanotherapy, osteoarthritis. |
| 520 ## - NOTA DE RESUMO | |
| Nota de conteúdo | <br/><br/>RESUMO - A Osteoartrite (OA) é uma denominação clínica para uma combinação de condições patológicas que envolvem a degeneração progressiva da cartilagem articular e remodelação de osso subcondral. A curcumina, um potente agente anti-inflamatório, têm sido extensivamente estudada, no entanto não oferece boa biodisponibilidade sistêmica. Nanopartículas de ouro (AuNPs) apresentam aplicações potenciais na administração de substâncias terapêuticas aumentando a eficiência do transporte de fármacos. O objetivo deste estudo foi realizar a síntese e caracterização de um sistema conjugando as AuNPs à curcumina e avaliar seu potencial terapêutico em um modelo experimental de OA em camundongos por desestabilização do menisco medial (DMM). As AuNPs foram conjugadas com curcumina e os sistemas foram caracterizados por espectroscopia no UV-VIS, espalhamento de luz dinâmico (DLS) e determinação do potencial zeta. Formouse 4 grupos de oito animais cada, denominados A, B, C, D que receberam injeção intra-articular de AuNPs, curcumina, AuNP-curcumina e solução fisiológica, respectivamente. Após 7 semanas, a cartilagem da articulação-femoro- tibio-patelar (AFTP) foi avaliada em uma variação de escore de 0 a 24. A conjugação de AuNP-curcumina mostrou boa estabilidade e aplicação terapêutica, mas não diferiu significativamente (P>0,05) dos grupos A e B, no entanto, mostrou menor valor de escore e significância (P<0,001) em relação ao grupo controle. Os resultados deste trabalho mostram a importância do desenvolvimento de novos nanofármacos. Neste caso a conjugação de AuNPs com a curcumina permitiu a obtenção de um nanofármaco com sugestivo potencial para aplicação no tratamento da OA.<br/><br/>Palavras-chave: camundongos, curcumina, nanofármacos, nanoterapia, osteoartrite. |
| 650 ## - ASSUNTO - THESAGRO | |
| Cabeçalho tópico ou nome geográfico | CAMUNDONGO |
| 650 ## - ASSUNTO - THESAGRO | |
| Cabeçalho tópico ou nome geográfico | DOENÇA ANIMAL |
| 650 ## - ASSUNTO - THESAGRO | |
| Cabeçalho tópico ou nome geográfico | VETERINÁRIA |
| 650 ## - ASSUNTO - THESAGRO | |
| Cabeçalho tópico ou nome geográfico | CARTILAGEM |
| 650 ## - ASSUNTO - THESAGRO | |
| Cabeçalho tópico ou nome geográfico | DISTÚRBIO FISIOLÓGICO |
| 773 0# - ENTRADA ANALÍTICA | |
| Host Biblionumber | 2408 |
| Registro do item | 346533 |
| Imprenta | Santa Maria-RS Universidade Federal de Santa Maria - Centro de Ciências Rurais 1991 |
| Outro identificador | 2024-7204 |
| Título | Ciência Rural (Brazil) |
| ISSN | 0103-8478 Versão online ISSN 1678-4596 |
| Colação | v. 47(7) p. 1-7; (2017) |
| Número de controle de registro | BR2024004273 |
| 856 ## - ACESSO E ENDEREÇO ELETRÔNICO | |
| Identificador uniforme de recurso - URI | https://www.scielo.br/j/cr/a/MpxLD6gnsD9KCCVNpHykBDP/?format=pdf&lang=pt |
Nenhum exemplar disponível.

BINAGRI